Mathematics in population biology / (Record no. 29487)
[ view plain ]
| 000 -LEADER | |
|---|---|
| fixed length control field | 00729 a2200193 4500 |
| 020 ## - INTERNATIONAL STANDARD BOOK NUMBER | |
| International Standard Book Number | 0691092907 |
| 020 ## - INTERNATIONAL STANDARD BOOK NUMBER | |
| International Standard Book Number | 9780691092904 |
| 082 04 - DEWEY DECIMAL CLASSIFICATION NUMBER | |
| Classification number | 577.88015118 |
| 090 ## - LOCALLY ASSIGNED LC-TYPE CALL NUMBER (OCLC); LOCAL CALL NUMBER (RLIN) | |
| -- | 864 |
| -- | 864 |
| 100 1# - MAIN ENTRY--PERSONAL NAME | |
| Personal name | Thieme, Horst R. |
| 245 10 - TITLE STATEMENT | |
| Title | Mathematics in population biology / |
| Statement of responsibility, etc. | Horst R. Thieme. |
| 260 ## - PUBLICATION, DISTRIBUTION, ETC. | |
| Place of publication, distribution, etc. | [S.l.] : |
| Name of publisher, distributor, etc. | Princeton University Press, |
| Date of publication, distribution, etc. | 2003. |
| 300 ## - PHYSICAL DESCRIPTION | |
| Extent | 568 p. ; |
| Dimensions | 24 cm. |
| 490 1# - SERIES STATEMENT | |
| Series statement | Princeton series in theoretical and computational biology. |
| 700 ## - ADDED ENTRY--PERSONAL NAME | |
| Personal name | Thieme, Horst R. |
| 830 #0 - SERIES ADDED ENTRY--UNIFORM TITLE | |
| Uniform title | Princeton series in theoretical and computational biology. |
| 942 ## - ADDED ENTRY ELEMENTS (KOHA) | |
| Institution code [OBSOLETE] | SNS |
| Koha item type | Book |
| Call number prefix | 577.88015118 THI |
| Withdrawn status | Lost status | Damaged status | Not for loan | Permanent Location | Current Location | Date acquired | Total Checkouts | Full call number | Barcode | Date last seen | Price effective from | Koha item type |
|---|---|---|---|---|---|---|---|---|---|---|---|---|
| School of Natural Sciences (SNS) | School of Natural Sciences (SNS) | 05/26/2016 | 577.88015118 THI | SNS0001032 | 05/26/2016 | 05/26/2016 | Book |
